Penny Lane Lyrics - The Beatles - Statistics

General Stats
  • This quiz has been taken 1,139 times
  • The average score is 168 of 234
Answer Stats
Lyrics % Correct
Lane
100%
Penny
100%
I
99%
a
98%
A
98%
is
98%
In
97%
in
97%
in /
97%
the
96%
The
96%
an
93%
there
93%
There
93%
And
91%
and
91%
queen /
91%
my
89%
He
88%
ears
85%
eyes /
83%
barber
82%
Of
77%
of
77%
to
77%
blue
71%
skies /
69%
beneath
67%
fire
67%
photographs /
67%
suburban
67%
head
65%
his
65%
very
65%
know /
64%
pleasure
64%
strange /
64%
every
63%
had
62%
go /
61%
hes
61%
rain,
61%
people
59%
pouring
59%
with
59%
back /
58%
clean /
58%
clean
58%
come
58%
say
58%
showing
58%
banker
57%
hello /
57%
It's
57%
machine /
57%
We
56%
all
55%
that
55%
On
54%
Stop
54%
engine
53%
fireman
53%
portrait
53%
keep
51%
meanwhile
51%
sit,
51%
behind
48%
Behind
48%
likes
48%
at
47%
pocket
47%
children
46%
corner
46%
never
46%
wears
45%
she
43%
She
43%
hourglass /
42%
motorcar /
42%
him
41%
little
41%
laugh
40%
from
38%
From
38%
customer /
37%
selling
37%
another
35%
mack /
35%
for
33%
shaves
33%
finger
31%
fish
30%
roundabout /
30%
see
29%
rushes
28%
nurse
27%
pies /
27%
middle
26%
poppies
26%
anyway /
25%
tray /
25%
summer,
24%
pretty
23%
then
23%
as
22%
play /
22%
shelter
22%
if
21%
though
21%
she's
20%
waiting
20%
feels
18%
sitting
18%
trim /
18%
four
14%
No matching quizzes found
Score Distribution
Percent of People with Each Score
Percentile by Number Answered
Your Score History
You have not taken this quiz